| 000 | 00504nam a2200157Ia 4500 | ||
|---|---|---|---|
| 008 | 151021s9999 xx 000 0 und d | ||
| 050 | _aHD30.28.T53 2008 | ||
| 245 | _a_Crafting and Executive Strategy: The Quest for Competitive Advantage [16th ed] Concept and Cases | ||
| 260 | _aBoston McGraw-Hill 2008 | ||
| 300 | _axlvi,439p. | ||
| 500 | _aIncludes index | ||
| 500 | _aIncludes index | ||
| 650 | _a_Strategic Planning | ||
| 700 | _a_A.J.Strickland | ||
| 980 | _a^d20140402 11:14:07^omwanik | ||
| 999 |
_c14893 _d14893 |
||